|
|
|
|
| LEADER |
02837nam a22005415i 4500 |
| 001 |
978-1-137-26404-6 |
| 003 |
DE-He213 |
| 005 |
20180829131930.0 |
| 007 |
cr nn 008mamaa |
| 008 |
151207s2013 xxk| s |||| 0|eng d |
| 020 |
|
|
|a 9781137264046
|9 978-1-137-26404-6
|
| 024 |
7 |
|
|a 10.1057/9781137264046
|2 doi
|
| 050 |
|
4 |
|a HD28-HD70
|
| 072 |
|
7 |
|a KJM
|2 bicssc
|
| 072 |
|
7 |
|a BUS041000
|2 bisacsh
|
| 072 |
|
7 |
|a KJM
|2 thema
|
| 082 |
0 |
4 |
|a 658
|2 23
|
| 100 |
1 |
|
|a Salvadó, Javier Amores.
|e author.
|4 aut
|4 http://id.loc.gov/vocabulary/relators/aut
|
| 245 |
1 |
0 |
|a Environmental Innovation and Firm Performance
|h [electronic resource] :
|b A Natural Resource-Based View /
|c by Javier Amores Salvadó, Gregorio Martín de Castro, José Emilio Navas López, Miriam Delgado Verde.
|
| 264 |
|
1 |
|a London :
|b Palgrave Macmillan UK :
|b Imprint: Palgrave Macmillan,
|c 2013.
|
| 300 |
|
|
|a XII, 162 p.
|b online resource.
|
| 336 |
|
|
|a text
|b txt
|2 rdacontent
|
| 337 |
|
|
|a computer
|b c
|2 rdamedia
|
| 338 |
|
|
|a online resource
|b cr
|2 rdacarrier
|
| 347 |
|
|
|a text file
|b PDF
|2 rda
|
| 520 |
|
|
|a The links between a firm's competitiveness and the natural environment have been studied since the mid 90's. This volume explores, both theoretically and empirically, the relationships between environmental product innovation, green image and firm performance.
|
| 650 |
|
0 |
|a Management.
|
| 650 |
|
0 |
|a Organization.
|
| 650 |
|
0 |
|a Industrial management-Environmen.
|
| 650 |
|
0 |
|a Leadership.
|
| 650 |
|
0 |
|a Behavioral economics.
|
| 650 |
1 |
4 |
|a Management.
|0 http://scigraph.springernature.com/things/product-market-codes/515000
|
| 650 |
2 |
4 |
|a Organization.
|0 http://scigraph.springernature.com/things/product-market-codes/516000
|
| 650 |
2 |
4 |
|a Sustainability Management.
|0 http://scigraph.springernature.com/things/product-market-codes/515040
|
| 650 |
2 |
4 |
|a Business Strategy/Leadership.
|0 http://scigraph.springernature.com/things/product-market-codes/515010
|
| 650 |
2 |
4 |
|a Behavioral/Experimental Economics.
|0 http://scigraph.springernature.com/things/product-market-codes/W54000
|
| 650 |
2 |
4 |
|a Corporate Environmental Management.
|0 http://scigraph.springernature.com/things/product-market-codes/528000
|
| 700 |
1 |
|
|a Castro, Gregorio Martín de.
|e author.
|4 aut
|4 http://id.loc.gov/vocabulary/relators/aut
|
| 700 |
1 |
|
|a López, José Emilio Navas.
|e author.
|4 aut
|4 http://id.loc.gov/vocabulary/relators/aut
|
| 700 |
1 |
|
|a Verde, Miriam Delgado.
|e author.
|4 aut
|4 http://id.loc.gov/vocabulary/relators/aut
|
| 710 |
2 |
|
|a SpringerLink (Online service)
|
| 773 |
0 |
|
|t Springer eBooks
|
| 776 |
0 |
8 |
|i Printed edition:
|z 9780230363472
|
| 776 |
0 |
8 |
|i Printed edition:
|z 9781349348954
|
| 776 |
0 |
8 |
|i Printed edition:
|z 9781349348947
|
| 856 |
4 |
0 |
|u https://doi.org/10.1057/9781137264046
|
| 912 |
|
|
|a ZDB-2-PBM
|
| 950 |
|
|
|a Palgrave Business & Management Collection (Springer-41135)
|